[Event "?"]
[Site "ICS Rated blitz match, 192.23"]
[Date "1997.??.??"]
[Round "?"]
[White "Brause"]
[Black "humanoid"]
[Result "1-0"]
[WhiteElo "2615"]
[BlackElo "2425"]
[PlyCount "25"]

1. e4 e5 2. Nf3 Nc6 3. Nc3 Nf6 4. Nxe5 Nxe5 5. d4 Nc6 6. d5 Nb8 7. e5 Ng8 8. d6
c6 9. Bc4 f5 10. exf6 Nxf6 11. Qe2+ Be7 12. Bg5 Kf8 13. O-O-O 1-0

[Event "?"]
[Site "ICS Rated blitz match, 192.23"]
[Date "1997.??.??"]
[Round "?"]
[White "Brause"]
[Black "humanoid"]
[Result "1-0"]
[WhiteElo "2620"]
[BlackElo "2420"]
[PlyCount "27"]

1. e4 e5 2. Nf3 Nc6 3. Nc3 Nf6 4. Nxe5 Nxe5 5. d4 Nc6 6. d5 Nb8 7. e5 Ng8 8. d6
cxd6 9. exd6 Qf6 10. Nb5 Na6 11. Bc4 g6 12. Qe2+ Kd8 13. Be3 Bh6 14. Bd4 1-0

[Event "?"]
[Site "ICS Rated blitz match, 192.23"]
[Date "1997.??.??"]
[Round "?"]
[White "Brause"]
[Black "humanoid"]
[Result "1-0"]
[WhiteElo "2635"]
[BlackElo "2405"]
[PlyCount "45"]

1. e4 e5 2. Nf3 Nc6 3. Nc3 Nf6 4. Nxe5 Nxe5 5. d4 Ng6 6. e5 Ng8 7. Bc4 f5 8.
exf6 Nxf6 9. Qe2+ Qe7 10. Be3 c6 11. Bd3 d5 12. O-O Bd7 13. Rae1 O-O-O 14. Bxg6
hxg6 15. Qd2 Qf7 16. Bf4 Bf5 17. Nb5 Nh5 18. Nxa7+ Kd7 19. Be5 Be7 20. Qa5 Rc8
21. Qb6 Bd6 22. Bxd6 Kxd6 23. Nb5+ 1-0

[Event "?"]
[Site "ICS Rated blitz match, 192.23"]
[Date "1997.??.??"]
[Round "?"]
[White "Brause"]
[Black "humanoid"]
[Result "1-0"]
[WhiteElo "2645"]
[BlackElo "2395"]
[PlyCount "127"]

1. e4 e5 2. Nf3 Nc6 3. Nc3 Nf6 4. Nxe5 Nxe5 5. d4 Ng6 6. e5 Ng8 7. Bc4 f5 8.
exf6 Nxf6 9. Qe2+ Qe7 10. Be3 c6 11. O-O-O d5 12. Bd3 Kf7 13. Rde1 Qc7 14. Qd2
Bd6 15. Kb1 Bd7 16. g3 Rhf8 17. f4 Kg8 18. Bxg6 hxg6 19. Qd3 Bf5 20. Qf1 Ne4
21. Ne2 Bg4 22. Qg2 Bxe2 23. Rxe2 Rae8 24. Rc1 b5 25. Rce1 a5 26. Qf3 Qd7 27.
Qg2 a4 28. c3 a3 29. h4 axb2 30. Kxb2 Qa7 31. Ka1 Qa3 32. Rc2 Ra8 33. Bc1 Qa4
34. Re3 Qc4 35. Qh3 Rae8 36. Qg4 Rf6 37. Qd7 Re7 38. Qc8+ Kf7 39. Kb1 Rc7 40.
Qh3 Qa4 41. h5 Qa8 42. hxg6+ Kxg6 43. Rh2 Kf7 44. Qh5+ Ke7 45. Qg5 Qf8 46. Qg4
Qf7 47. Rh7 Rg6 48. Qh5 Rxg3 49. Rxe4+ dxe4 50. Qh4+ Kd7 51. Qxg3 Kc8 52. Qg2
b4 53. cxb4 Qc4 54. Qxe4 Qxb4+ 55. Bb2 Qd2 56. Rh8+ Kb7 57. Bc1 Qb4+ 58. Ka1
Qc3+ 59. Bb2 Qd2 60. Qb1 Ka7 61. f5 Rb7 62. Rh3 Qf4 63. Rc3 Qxf5 64. Qxf5 1-0

[Event "?"]
[Site "ICS Rated blitz match, 192.23"]
[Date "1997.??.??"]
[Round "?"]
[White "Brause"]
[Black "humanoid"]
[Result "0-1"]
[WhiteElo "2650"]
[BlackElo "2390"]
[PlyCount "126"]

1. e4 e5 2. Nf3 Nc6 3. Nc3 Nf6 4. Nxe5 Nxe5 5. d4 Ng6 6. e5 Ng8 7. Bc4 f5 8.
exf6 Nxf6 9. Qe2+ Qe7 10. Be3 c6 11. O-O-O d5 12. Bd3 Kf7 13. Kb1 Qc7 14. g3
Bb4 15. Na4 b5 16. c3 Bd6 17. Nc5 Bxc5 18. dxc5 Rf8 19. Rde1 Kg8 20. Bxg6 hxg6
21. f3 Bf5+ 22. Kc1 Rae8 23. g4 Bc8 24. Kb1 d4 25. cxd4 Nd5 26. Qd2 Nxe3 27.
Rxe3 Rxe3 28. Qxe3 Qf4 29. Qb3+ Kh7 30. h3 Qxf3 31. Re1 Qxb3 32. axb3 Rf7 33.
Re5 Bd7 34. d5 cxd5 35. Rxd5 Bc6 36. Re5 Kg8 37. Ka2 Rc7 38. Ka3 a5 39. b4 a4
40. b3 axb3 41. Kxb3 Kf7 42. g5 Re7 43. Rxe7+ Kxe7 44. Kc3 Ke6 45. Kd4 Kf5 46.
Ke3 Kxg5 47. Kd4 Kf5 48. Ke3 g5 49. Kf2 Kf4 50. Kf1 Kg3 51. Ke1 Kxh3 52. Ke2 g4
53. Kf2 g3+ 54. Kf1 Kh2 55. Ke2 g2 56. Kd2 g1=Q 57. Kd3 Qg4 58. Kc3 Qc4+ 59.
Kd2 Kg3 60. Kd1 Qa2 61. Kc1 Be4 62. Kd1 Kf2 63. c6 Qc2# 0-1

[Event "?"]
[Site "ICS Rated blitz match, 192.23"]
[Date "1997.??.??"]
[Round "?"]
[White "Brause"]
[Black "humanoid"]
[Result "1-0"]
[WhiteElo "2625"]
[BlackElo "2415"]
[PlyCount "35"]

1. e4 e5 2. Nf3 Nc6 3. Nc3 Nf6 4. Nxe5 Nxe5 5. d4 Ng6 6. e5 Ng8 7. Bc4 f5 8.
exf6 Nxf6 9. Qe2+ Qe7 10. Be3 c6 11. Bb3 d5 12. O-O Kf7 13. Rae1 h6 14. Qd3 Nh4
15. Bg5 hxg5 16. Rxe7+ Bxe7 17. Ne4 Bf5 18. Nxg5+ 1-0

[Event "?"]
[Site "ICS Rated blitz match, 192.23"]
[Date "1997.??.??"]
[Round "?"]
[White "Brause"]
[Black "humanoid"]
[Result "1-0"]
[WhiteElo "2630"]
[BlackElo "2410"]
[PlyCount "143"]

1. e4 e5 2. Nf3 Nc6 3. Nc3 Nf6 4. Nxe5 Nxe5 5. d4 Ng6 6. e5 Ng8 7. Bc4 f5 8.
exf6 Nxf6 9. Qe2+ Qe7 10. Be3 c6 11. Bb3 d5 12. O-O Kf7 13. Rae1 Qd8 14. Na4
Bd6 15. c4 Re8 16. cxd5 cxd5 17. Nc3 Be6 18. Bg5 Bb4 19. Qd3 Bxc3 20. Qxc3 Rc8
21. Qf3 h6 22. Bxf6 Qxf6 23. Bxd5 Qxf3 24. Bxf3 Bc4 25. Rxe8 Rxe8 26. Rc1 Ba6
27. g3 Nf8 28. d5 Re7 29. Bg4 Re4 30. Bf3 Rd4 31. Rc7+ Kf6 32. Rc8 Ng6 33. Rd8
Ke7 34. Rg8 Kf7 35. Rd8 Ke7 36. Rg8 Kf7 37. Rd8 Ne5 38. Bh5+ g6 39. f4 gxh5 40.
fxe5 Bc4 41. e6+ Ke7 42. Rd7+ Ke8 43. Rxb7 Bxd5 44. Rxa7 Bxe6 45. Ra6 Re4 46.
Kf2 Kf7 47. Kf3 Rc4 48. Ra7+ Kf6 49. Ra5 Bg4+ 50. Ke3 Rc2 51. h3 Bf5 52. b3
Rc3+ 53. Kf4 Bg6 54. Ra6+ Kg7 55. Re6 Rc2 56. Re7+ Kf6 57. Ra7 Rc6 58. Ra8 Re6
59. a3 Re4+ 60. Kf3 h4 61. Ra6+ Re6 62. Rxe6+ Kxe6 63. gxh4 Bc2 64. b4 Ba4 65.
Kg4 Kf6 66. Kf4 Kg6 67. Ke5 Kh5 68. Kd5 Kxh4 69. Kc5 Kxh3 70. b5 Kg4 71. b6 Bd1
72. b7 1-0

[Event "?"]
[Site "ICS Rated blitz match, 192.23"]
[Date "1997.??.??"]
[Round "?"]
[White "Brause"]
[Black "humanoid"]
[Result "1-0"]
[WhiteElo "2640"]
[BlackElo "2405"]
[PlyCount "35"]

1. e4 e5 2. Nf3 Nc6 3. Nc3 Nf6 4. Nxe5 Nxe5 5. d4 Ng6 6. e5 Ng8 7. Bc4 f5 8.
exf6 Qxf6 9. O-O N8e7 10. Re1 Kd8 11. Be3 d6 12. Ne4 Qf5 13. Bd3 Qg4 14. f3 Qh5
15. Ng5 Nh4 16. g4 Qe8 17. Bf2 Nhg6 18. Bc4 1-0

[Event "?"]
[Site "ICS Rated blitz match, 192.23"]
[Date "1997.??.??"]
[Round "?"]
[White "Brause"]
[Black "humanoid"]
[Result "1-0"]
[WhiteElo "2645"]
[BlackElo "2395"]
[PlyCount "143"]

1. e4 e5 2. Nf3 Nc6 3. Nc3 Nf6 4. Nxe5 Nxe5 5. d4 Ng6 6. e5 Ng8 7. Bc4 f5 8.
exf6 Nxf6 9. Qe2+ Qe7 10. Be3 c6 11. Bd3 d5 12. Bxg6+ hxg6 13. h3 Ne4 14. Nxe4
Qxe4 15. f3 Qe6 16. O-O Bd6 17. Rae1 O-O 18. Qd1 Qf6 19. f4 Bf5 20. c3 Rae8 21.
Qb3 Re7 22. c4 Be4 23. Rf2 Rfe8 24. a3 dxc4 25. Qxc4+ Bd5 26. Qc3 Re4 27. Rf3
Qe6 28. Kf2 Bc7 29. Qc1 Bb6 30. Rd1 Qf6 31. Qc3 R4e7 32. Rg3 Re6 33. Kg1 Qe7
34. Bf2 Be4 35. Rd2 Qd7 36. Be3 Bf5 37. Rf3 Qd5 38. Rdf2 R6e7 39. Rd2 Qa2 40.
b4 Qd5 41. Kh1 a6 42. Kh2 Re4 43. g4 Be6 44. Bf2 Qc4 45. Qb2 Bf7 46. g5 Re2 47.
Rc3 Rxd2 48. Qxd2 Qe2 49. Rc2 Qxd2 50. Rxd2 Bc4 51. Kg3 Re2 52. Rxe2 Bxe2 53.
Be3 Bd3 54. Kg4 Bf5+ 55. Kg3 Kf7 56. Bf2 Ke6 57. d5+ Kxd5 58. Bxb6 Kc4 59. Bc5
Kb3 60. Bf8 Kxa3 61. h4 Ka4 62. Kf2 a5 63. bxa5 Kxa5 64. Ke3 Kb5 65. Kd4 b6 66.
Bxg7 c5+ 67. Ke5 Kc4 68. h5 b5 69. h6 b4 70. h7 b3 71. h8=Q b2 72. Qg8+ 1-0

[Event "?"]
[Site "ICS Rated blitz match, 192.23"]
[Date "1997.??.??"]
[Round "?"]
[White "Brause"]
[Black "humanoid"]
[Result "0-1"]
[WhiteElo "2650"]
[BlackElo "2390"]
[PlyCount "135"]

1. e4 e5 2. Nf3 Nc6 3. Nc3 Nf6 4. Nxe5 Nxe5 5. d4 Ng6 6. e5 Ng8 7. Bc4 f5 8.
exf6 Nxf6 9. Qe2+ Qe7 10. Be3 c6 11. h3 d5 12. Bd3 Kf7 13. O-O-O Qc7 14. Bxg6+
hxg6 15. Qf3 Bb4 16. Ne2 Qd7 17. g4 Kg8 18. c3 Bd6 19. Rhe1 Qf7 20. Qg2 Ne4 21.
f3 Nf6 22. Rd2 Bd7 23. Ng1 Re8 24. Qf2 Nh7 25. Rde2 Rxe3 26. Rxe3 Bf4 27. Ne2
Bxe3+ 28. Qxe3 g5 29. f4 Qe8 30. Qg3 Qb8 31. Qe3 Qe8 32. Qg3 Nf6 33. fxg5 Ne4
34. Qe3 Qe7 35. g6 Be8 36. Nf4 Qf6 37. c4 Bxg6 38. cxd5 cxd5 39. Nxd5 Qc6+ 40.
Nc3 Nxc3 41. bxc3 Qb5 42. Qe6+ Kh7 43. Qb3 Qxb3 44. axb3 Re8 45. Rxe8 Bxe8 46.
Kd2 Kg6 47. Ke3 Kg5 48. d5 Kh4 49. Kf4 Kxh3 50. c4 Kh4 51. g5 Kh5 52. Kf5 Bd7+
53. Kf4 Kg6 54. b4 Bc8 55. c5 Bd7 56. Ke5 Kxg5 57. Kd6 Bh3 58. Ke5 Kg6 59. c6
Bc8 60. c7 Kf7 61. d6 g5 62. b5 a5 63. bxa6 bxa6 64. d7 Bxd7 65. Kd6 Bc8 66.
Ke5 Ke7 67. Kd4 Kd7 68. Ke3 0-1

[Event "?"]
[Site "ICS Rated blitz match, 192.23"]
[Date "1997.??.??"]
[Round "?"]
[White "Brause"]
[Black "igor"]
[Result "0-1"]
[WhiteElo "2590"]
[BlackElo "2440"]
[PlyCount "98"]

1. e4 e5 2. Nf3 Nc6 3. Nc3 Nf6 4. Nxe5 Nxe5 5. d4 Ng6 6. e5 Ng8 7. Bc4 Bb4 8.
Qf3 Qe7 9. O-O Bxc3 10. bxc3 Nh6 11. g3 O-O 12. Qh5 d5 13. Bxd5 Bg4 14. Qg5
Qxg5 15. Bxg5 c6 16. Bg2 Be6 17. Rab1 Rab8 18. Bxh6 gxh6 19. Rb2 Ne7 20. Rfb1
b6 21. Re1 Rfd8 22. Bf3 Kg7 23. Kf1 Bc4+ 24. Be2 Bxe2+ 25. Kxe2 b5 26. Kd3 Kg6
27. e6 f5 28. Re5 Kf6 29. a4 a6 30. Ra2 Rd6 31. axb5 axb5 32. f4 Rxe6 33. c4
bxc4+ 34. Kxc4 Rxe5 35. fxe5+ Ke6 36. Kd3 Nd5 37. Ra7 Ne7 38. Ra2 Rb1 39. c4
Rd1+ 40. Rd2 Rxd2+ 41. Kxd2 c5 42. dxc5 Kxe5 43. Ke3 h5 44. Kd3 Nc6 45. Ke3 Nd4
46. Kd3 Ne6 47. c6 Kd6 48. c7 Kxc7 49. Kd2 Kd6 0-1

[Event "?"]
[Site "ICS Rated blitz match, 192.23"]
[Date "1997.??.??"]
[Round "?"]
[White "Brause"]
[Black "Kiriakos"]
[Result "1-0"]
[WhiteElo "2615"]
[BlackElo "2120"]
[PlyCount "47"]

1. e4 e5 2. Nf3 Nc6 3. Nc3 Nf6 4. Nxe5 Nxe5 5. d4 Ng6 6. e5 Be7 7. Bc4 O-O 8.
exf6 Bxf6 9. O-O c6 10. d5 b5 11. Be2 a6 12. Be3 Re8 13. Qd3 Bb7 14. d6 Ne5 15.
Qd2 Rc8 16. Rae1 Nc4 17. Bxc4 bxc4 18. Bd4 Rxe1 19. Rxe1 c5 20. Bxf6 Qxf6 21.
Re7 Qg6 22. f3 Bc6 23. Ne4 h6 24. Nxc5 1-0

[Event "?"]
[Site "ICS Rated blitz match, 192.23"]
[Date "1997.??.??"]
[Round "?"]
[White "Brause"]
[Black "fluster"]
[Result "0-1"]
[WhiteElo "2640"]
[BlackElo "2655"]
[PlyCount "116"]

1. e4 e5 2. Nf3 Nc6 3. Nc3 Nf6 4. Nxe5 Nxe5 5. d4 Ng6 6. e5 Ng8 7. Bc4 c6 8.
Qe2 b5 9. Bd3 Bb4 10. O-O N8e7 11. Ne4 d5 12. exd6 Bxd6 13. d5 O-O 14. dxc6
Nxc6 15. Qh5 Nce5 16. Bxb5 Bg4 17. Qg5 Qxg5 18. Bxg5 Bc7 19. f4 Bd7 20. Bxd7
Nxd7 21. Rad1 Bb6+ 22. Nf2 f6 23. Rxd7 fxg5 24. f5 Rxf5 25. h3 Raf8 26. Rd2 h5
27. c4 h4 28. b3 a5 29. a3 Ne5 30. b4 axb4 31. axb4 Nxc4 32. Ra2 Ne5 33. Rd2 g4
34. hxg4 Nxg4 35. b5 Nxf2 36. Kh2 Ng4+ 37. Kh3 Rxf1 38. Kxg4 R8f4+ 39. Kh5 Re1
40. Rd5 Re6 41. Kg5 Be3 42. Rf5 Rf2+ 43. Kxh4 Rxf5 44. g3 Rg6 45. g4 Rf1 46.
Kg3 Rg1+ 47. Kf3 Re6 48. b6 Bxb6 49. Kf4 Rf1+ 50. Kg3 Re2 51. g5 Bc7+ 52. Kg4
Kh7 53. Kh5 Rh2+ 54. Kg4 Rg2+ 55. Kh3 Rg3+ 56. Kh2 Rf5 57. Kh1 Rfxg5 58. Kh2
Rh5# 0-1

[Event "?"]
[Site "ICS Rated blitz match, 192.23"]
[Date "1997.??.??"]
[Round "?"]
[White "Brause"]
[Black "humanoid"]
[Result "0-1"]
[WhiteElo "2655"]
[BlackElo "2460"]
[PlyCount "93"]

1. e4 e5 2. Nf3 Nc6 3. Nc3 Nf6 4. Nxe5 Nxe5 5. d4 Ng6 6. e5 Ng8 7. Bc4 f5 8.
Qh5 d6 9. Bxg8 Rxg8 10. Bg5 Be7 11. Qxh7 Kf7 12. Bxe7 Nxe7 13. Qh5+ g6 14. Qh7+
Rg7 15. Qh4 Nc6 16. Qxd8 Nxd8 17. Nb5 Bd7 18. Nxc7 Rc8 19. exd6 Ne6 20. O-O-O
Nxc7 21. dxc7 Rxc7 22. d5 Rg8 23. Rhe1 Re8 24. Rxe8 Bxe8 25. f4 Rc4 26. g3 Ke7
27. b3 Re4 28. c4 b6 29. Kd2 Rd4+ 30. Ke2 Rxd1 31. Kxd1 Kd6 32. Kd2 Kc5 33. Kc3
a5 34. a3 b5 35. b4+ axb4+ 36. axb4+ Kd6 37. cxb5 Bxb5 38. Kd4 Bf1 39. Kc3 Kxd5
40. Kb3 Ke4 41. Ka4 Kf3 42. b5 Kg2 43. b6 Ba6 44. Ka5 Bb7 45. h4 Kxg3 46. Kb4
Kxf4 47. Kc5 0-1

[Event "?"]
[Site "ICS Rated blitz match, 192.23"]
[Date "1997.??.??"]
[Round "?"]
[White "Brause"]
[Black "humanoid"]
[Result "0-1"]
[WhiteElo "2630"]
[BlackElo "2485"]
[PlyCount "48"]

1. e4 e5 2. Nf3 Nc6 3. Nc3 Nf6 4. Nxe5 Nxe5 5. d4 Ng6 6. e5 Ng8 7. Bc4 f5 8.
Qh5 d6 9. Bxg8 Rxg8 10. exd6 Bxd6 11. Bg5 Be7 12. Be3 Bb4 13. Qxh7 Kf7 14. Qh5
Bxc3+ 15. bxc3 Qh4 16. Qe2 c6 17. O-O Rh8 18. h3 f4 19. Bc1 Bxh3 20. f3 Be6 21.
Rd1 Rae8 22. Qd3 Qh2+ 23. Kf2 Qg3+ 24. Kg1 Rh2 0-1

[Event "?"]
[Site "ICS Rated blitz match, 192.23"]
[Date "1997.??.??"]
[Round "?"]
[White "Brause"]
[Black "Gilligan"]
[Result "1-0"]
[WhiteElo "2625"]
[BlackElo "1910"]
[PlyCount "40"]

1. e4 e5 2. Nf3 Nc6 3. Nc3 Nf6 4. Nxe5 Nxe5 5. d4 Nc6 6. d5 Ne7 7. e5 Nfg8 8.
d6 cxd6 9. exd6 Qb6 10. Nb5 Nc6 11. Nc7+ Kd8 12. Nxa8 Qb4+ 13. c3 Qe4+ 14. Be3
Qe6 15. Qa4 Qxd6 16. Bxa7 Be7 17. Be3 Nf6 18. Bc4 Ne5 19. Rd1 Nxc4 20. Rxd6
Bxd6 1-0

[Event "?"]
[Site "ICS Rated blitz match, 192.23"]
[Date "1997.??.??"]
[Round "?"]
[White "Brause"]
[Black "lhg"]
[Result "1-0"]
[WhiteElo "2585"]
[BlackElo "2320"]
[PlyCount "105"]

1. e4 e5 2. Nf3 Nc6 3. Nc3 Nf6 4. Nxe5 Nxe5 5. d4 Ng6 6. e5 Ng8 7. Bc4 d5 8.
Bxd5 c6 9. Bf3 Be6 10. O-O Bb4 11. Ne2 N8e7 12. c3 Ba5 13. Bg5 h6 14. Bxe7 Qxe7
15. Qa4 Bc7 16. Bxc6+ Bd7 17. Bb5 a6 18. Bxd7+ Qxd7 19. Qb3 O-O 20. Qxb7 Rab8
21. Qxa6 Rxb2 22. Rab1 Rfb8 23. Rxb2 Rxb2 24. a3 Qb5 25. Qxb5 Rxb5 26. c4 Rb2
27. Ng3 Ra2 28. Rb1 Rxa3 29. c5 Nf4 30. h3 Rd3 31. Rb7 Ba5 32. c6 Rxd4 33. c7
Bxc7 34. Rxc7 Ne6 35. Re7 Kf8 36. Rb7 Rd5 37. Rb8+ Ke7 38. Nf5+ Kd7 39. Rb7+
Ke8 40. Nd6+ Kf8 41. Rxf7+ Kg8 42. Rf5 Nd4 43. Rh5 Kh7 44. Ne8 Ne2+ 45. Kh2 Nf4
46. Rf5 Ng6 47. f4 Rd2 48. Rf7 Nh4 49. Kg3 Nxg2 50. Rxg7+ Kh8 51. Rf7 Ne3 52.
Nf6 Rg2+ 53. Kf3 1-0

[Event "?"]
[Site "ICS Rated blitz match, 192.23"]
[Date "1997.??.??"]
[Round "?"]
[White "Brause"]
[Black "lhg"]
[Result "1-0"]
[WhiteElo "2620"]
[BlackElo "2370"]
[PlyCount "95"]

1. e4 e5 2. Nf3 Nc6 3. Nc3 Nf6 4. Nxe5 Nxe5 5. d4 Ng6 6. e5 Ng8 7. Bc4 d5 8.
Bxd5 c6 9. Bf3 Be6 10. O-O Bb4 11. Ne2 N8e7 12. c3 Ba5 13. b4 Bc7 14. Bg5 h6
15. Bxe7 Qxe7 16. Be4 Bd5 17. Bxg6 fxg6 18. Nf4 Qf7 19. Qg4 g5 20. Nxd5 Qxd5
21. f4 O-O 22. fxg5 hxg5 23. Qxg5 a5 24. Qe7 Qd8 25. Rxf8+ Qxf8 26. Qxc7 axb4
27. Qxb7 bxc3 28. Qxc6 Rc8 29. Qe6+ Kh8 30. Rc1 c2 31. Qh3+ Kg8 32. Rxc2 Rxc2
33. Qb3+ Qf7 34. Qxc2 Qf4 35. Qb3+ Kh7 36. Qh3+ Kg8 37. Qc8+ Kh7 38. Qc2+ Kg8
39. Qc4+ Kh7 40. h3 Qe3+ 41. Kh1 Qf4 42. Qd3+ Kg8 43. a4 Qc1+ 44. Kh2 Qf4+ 45.
Kg1 Qc1+ 46. Kf2 Qf4+ 47. Ke2 Qg3 48. Qxg3 1-0

[Event "?"]
[Site "ICS Rated blitz match, 192.23"]
[Date "1997.??.??"]
[Round "?"]
[White "Brause"]
[Black "lhg"]
[Result "1-0"]
[WhiteElo "2625"]
[BlackElo "2365"]
[PlyCount "79"]

1. e4 e5 2. Nf3 Nc6 3. Nc3 Nf6 4. Nxe5 Nxe5 5. d4 Ng6 6. e5 Ng8 7. Bc4 d5 8.
Bxd5 c6 9. Bf3 Bb4 10. O-O Bxc3 11. bxc3 Be6 12. Rb1 Rb8 13. a4 N8e7 14. Ba3
O-O 15. Bd6 Bc4 16. Bxb8 Qxb8 17. Be2 Bxe2 18. Qxe2 Nd5 19. Rb3 Qc7 20. c4 Ndf4
21. Qe4 h6 22. Rfb1 b6 23. a5 f5 24. axb6 axb6 25. Qe3 Rb8 26. c5 b5 27. Re1
Ne6 28. Qd3 Qf7 29. Qc3 Ngf4 30. g3 Nd5 31. Qb2 f4 32. Rd1 f3 33. Rdd3 Rf8 34.
Rxf3 Qxf3 35. Rxf3 Rxf3 36. Qa1 Nd8 37. Qa7 Rf8 38. Qd7 Nb4 39. e6 Nxe6 40.
Qxe6+ 1-0

[Event "?"]
[Site "ICS Rated blitz match, 192.23"]
[Date "1997.??.??"]
[Round "?"]
[White "Brause"]
[Black "lhg"]
[Result "1-0"]
[WhiteElo "2635"]
[BlackElo "2360"]
[PlyCount "23"]

1. e4 e5 2. Nf3 Nc6 3. Nc3 Nf6 4. Nxe5 Nxe5 5. d4 Ng6 6. e5 Ng8 7. Bc4 d5 8.
Bxd5 Bb4 9. Qf3 Qd7 10. Bxb7 Bxb7 11. Qxb7 Rd8 12. Qxb4 1-0

[Event "?"]
[Site "ICS Rated blitz match, 192.23"]
[Date "1997.??.??"]
[Round "?"]
[White "Brause"]
[Black "lhg"]
[Result "1-0"]
[WhiteElo "2640"]
[BlackElo "2355"]
[PlyCount "73"]

1. e4 e5 2. Nf3 Nc6 3. Nc3 Nf6 4. Nxe5 Nxe5 5. d4 Ng6 6. e5 Ng8 7. Bc4 d5 8.
Bxd5 c6 9. Bf3 Bb4 10. O-O N8e7 11. Ne4 O-O 12. c3 Ba5 13. Bg5 h6 14. Bd2 Bf5
15. Nd6 Rb8 16. Nxf5 Nxf5 17. Be4 Nfe7 18. Qh5 c5 19. Bxg6 Nxg6 20. e6 Ne7 21.
exf7+ Rxf7 22. Qxc5 Bb6 23. Qh5 Rf5 24. Qe2 Bc7 25. Qe6+ Rf7 26. Rae1 Qc8 27.
g3 Qxe6 28. Rxe6 Nc6 29. Rfe1 Rbf8 30. R1e2 Nd8 31. R6e4 g5 32. h4 gxh4 33.
Bxh6 hxg3 34. Rg4+ Kh7 35. Bxf8 Rxf8 36. fxg3 Nc6 37. Rh2# 1-0

[Event "?"]
[Site "ICS Rated blitz match, 192.23"]
[Date "1997.??.??"]
[Round "?"]
[White "Brause"]
[Black "lhg"]
[Result "1-0"]
[WhiteElo "2645"]
[BlackElo "2350"]
[PlyCount "77"]

1. e4 e5 2. Nf3 Nc6 3. Nc3 Nf6 4. Nxe5 Nxe5 5. d4 Nxe4 6. Nxe4 Ng6 7. c4 d5 8.
Nc3 Be6 9. Qb3 dxc4 10. Qxb7 Rb8 11. Qxa7 Bb4 12. Qa4+ Qd7 13. Qxd7+ Kxd7 14.
Be2 c5 15. dxc5 Bxc5 16. O-O Rhd8 17. Na4 Be7 18. Bd2 Ke8 19. Ba5 Rdc8 20. Bc3
Kf8 21. Rad1 Nf4 22. Bf3 Nd3 23. Bd4 Bf6 24. Bxf6 gxf6 25. Rd2 Rb4 26. Bd1 Rcb8
27. a3 R4b7 28. b4 cxb3 29. Rxd3 b2 30. Bc2 b1=Q 31. Bxb1 Rxb1 32. Rc3 R1b7 33.
Nc5 Ra7 34. Re3 Rba8 35. Ra1 Bc4 36. h4 Ra5 37. Nd7+ Kg7 38. Nb6 Rc8 39. Nxc8
1-0

[Event "?"]
[Site "ICS Rated blitz match, 192.23"]
[Date "1997.??.??"]
[Round "?"]
[White "Brause"]
[Black "lhg"]
[Result "1-0"]
[WhiteElo "2635"]
[BlackElo "2305"]
[PlyCount "91"]

1. e4 e5 2. Nf3 Nc6 3. Nc3 Nf6 4. Nxe5 Nxe5 5. d4 Nc6 6. d5 Ne5 7. f4 Ng6 8. e5
Ng8 9. d6 cxd6 10. exd6 Bxd6 11. Qxd6 Qe7+ 12. Qxe7+ N8xe7 13. Bc4 O-O 14. O-O
d5 15. Nxd5 Bf5 16. Nxe7+ Nxe7 17. c3 Nc6 18. Be3 Rfe8 19. Rae1 Rad8 20. Bb5 h6
21. Bxc6 bxc6 22. Bxa7 Rxe1 23. Rxe1 Rd2 24. Re8+ Kh7 25. a4 Rxb2 26. a5 Ra2
27. Bb6 Be6 28. h3 Bd5 29. g4 Rg2+ 30. Kf1 Rg3 31. a6 Rxc3 32. a7 c5 33. a8=Q
Bxa8 34. Rxa8 Rf3+ 35. Kg2 Rxf4 36. Bxc5 h5 37. Be3 Re4 38. Kf3 Re5 39. g5 Rb5
40. Ra6 Rd5 41. Ra7 Rb5 42. Rxf7 Kg6 43. Rd7 Ra5 44. Kf4 Ra4+ 45. Bd4 Ra3 46.
Rxg7# 1-0

[Event "?"]
[Site "ICS Rated blitz match, 192.23"]
[Date "1997.??.??"]
[Round "?"]
[White "Brause"]
[Black "lhg"]
[Result "1-0"]
[WhiteElo "2640"]
[BlackElo "2285"]
[PlyCount "61"]

1. e4 e5 2. Nf3 Nc6 3. Nc3 Nf6 4. Nxe5 Nxe5 5. d4 Ng6 6. e5 Ng8 7. Bc4 d5 8.
Bxd5 c6 9. Bf3 Bb4 10. O-O N8e7 11. Ne4 Bf5 12. c3 Bxe4 13. Bxe4 Ba5 14. Bg5
O-O 15. Bxg6 hxg6 16. Qg4 Qc8 17. e6 Nf5 18. exf7+ Rxf7 19. Rae1 Bc7 20. Re4
Nd6 21. Re6 Ne8 22. Rfe1 Nf6 23. Qd1 Qf8 24. Qb3 b6 25. Bxf6 gxf6 26. Rxf6 Kg7
27. Rxc6 Rc8 28. Ree6 Rxf2 29. Rxg6+ Kh7 30. Rh6+ Qxh6 31. Rxh6+ 1-0

[Event "?"]
[Site "ICS Rated blitz match, 192.23"]
[Date "1997.??.??"]
[Round "?"]
[White "Brause"]
[Black "lhg"]
[Result "1-0"]
[WhiteElo "2640"]
[BlackElo "2280"]
[PlyCount "33"]

1. e4 e5 2. Nf3 Nc6 3. Nc3 Nf6 4. Nxe5 Nxe5 5. d4 Ng6 6. e5 Ng8 7. Bc4 c6 8.
Qe2 d5 9. exd6+ Kd7 10. Ne4 Qe8 11. d5 f5 12. dxc6+ bxc6 13. Be6+ Kd8 14. Bg5+
Nf6 15. Nxf6 Qxe6 16. Nd5+ Ke8 17. Nc7+ 1-0

[Event "?"]
[Site "ICS Rated blitz match, 192.23"]
[Date "1997.??.??"]
[Round "?"]
[White "Brause"]
[Black "evbad"]
[Result "0-1"]
[WhiteElo "2630"]
[BlackElo "2270"]
[PlyCount "131"]

1. e4 e5 2. Nf3 Nc6 3. Nc3 Nf6 4. Nxe5 Nxe5 5. d4 Ng6 6. e5 Ng8 7. Bc4 d5 8.
Bxd5 c6 9. Bf3 Bb4 10. O-O Bxc3 11. bxc3 Be6 12. Be4 N8e7 13. Bg5 h6 14. Bxg6
fxg6 15. Bxe7 Qxe7 16. Qf3 Qf7 17. Qxf7+ Kxf7 18. f4 h5 19. Kf2 b5 20. Ke3 Rhf8
21. h4 Ke7 22. Rf3 Bf5 23. Rf2 Ke6 24. Rb1 Rfb8 25. Rb4 Kd5 26. Rd2 Rb6 27. a3
Ra6 28. a4 Rxa4 29. c4+ Ke6 30. Rxa4 bxa4 31. c3 a3 32. d5+ Kd7 33. Ra2 a5 34.
Rxa3 a4 35. Kd4 Bc2 36. Kc5 cxd5 37. cxd5 Rc8+ 38. Kd4 Bb3 39. g3 Rc4+ 40. Kd3
Rc5 41. d6 Rd5+ 42. Ke2 Bc4+ 43. Kf3 Bb3 44. Ke2 Kc6 45. Ra1 Ra5 46. Rc1 a3 47.
Ra1 a2 48. Kd2 Be6 49. Kc2 Bf5+ 50. Kb2 Bb1 51. c4 Ra8 52. Kb3 Kc5 53. Kb2 Rd8
54. Rxb1 axb1=Q+ 55. Kxb1 Kxc4 56. Kc2 Ra8 57. Kd2 Kd5 58. Ke3 Ra2 59. Kf3 Ra3+
60. Kg2 Rd3 61. Kf2 Ke4 62. Ke2 Rd5 63. Kf2 Rd2+ 64. Ke1 Ke3 65. Kf1 Kf3 66.
Kg1 0-1

[Event "?"]
[Site "ICS Rated blitz match, 192.23"]
[Date "1997.??.??"]
[Round "?"]
[White "Brause"]
[Black "oldtimer"]
[Result "0-1"]
[WhiteElo "2605"]
[BlackElo "2480"]
[PlyCount "102"]

1. e4 e5 2. Nf3 Nc6 3. Nc3 Nf6 4. Nxe5 Nxe5 5. d4 Ng6 6. e5 Ng8 7. Bc4 d5 8.
Bxd5 c6 9. Bf3 Bb4 10. O-O Bxc3 11. bxc3 Nh4 12. Be4 f5 13. Bd3 Be6 14. Qh5+
Ng6 15. Bxf5 Bxf5 16. Qxf5 N8e7 17. Qg4 O-O 18. Rb1 b5 19. Qe6+ Kh8 20. Ba3 Qc8
21. Qxc8 Raxc8 22. c4 bxc4 23. Rb7 Rfe8 24. Rxa7 Ra8 25. Rxa8 Rxa8 26. Bxe7
Nxe7 27. Ra1 Kg8 28. a4 Ra5 29. e6 Nd5 30. g3 Kf8 31. g4 Ke7 32. Rb1 Kxe6 33.
Rb7 Rxa4 34. Rxg7 Ra2 35. Rxh7 Rxc2 36. Rh6+ Kd7 37. Rh7+ Ke8 38. Rh8+ Kf7 39.
Rh7+ Kg6 40. Rh8 c3 41. Rc8 Nb4 42. Rg8+ Kh7 43. Rg5 Rc1+ 44. Kg2 Nd5 45. Rh5+
Kg6 46. Re5 Kf7 47. Rf5+ Ke7 48. Re5+ Kd7 49. Kf3 Rg1 50. Re2 Nb4 51. Re3 c2
0-1

[Event "?"]
[Site "ICS Rated blitz match, 192.23"]
[Date "1997.??.??"]
[Round "?"]
[White "Brause"]
[Black "KillerGrob"]
[Result "1-0"]
[WhiteElo "2580"]
[BlackElo "2610"]
[PlyCount "59"]

1. e4 e5 2. Nf3 Nc6 3. Nc3 Nf6 4. Nxe5 Nxe5 5. d4 Nc6 6. d5 Ne5 7. f4 Ng6 8. e5
Ng8 9. d6 a6 10. h4 h5 11. Nd5 Bxd6 12. exd6 cxd6 13. Be3 Kf8 14. Nb6 Qe7 15.
Qd4 Nh6 16. Qc3 Nf5 17. Rh3 Rb8 18. Nxc8 Qe8 19. Nb6 Nxf4 20. Rf3 Nxe3 21. Rxe3
Qd8 22. Qb3 Ne6 23. O-O-O Nc5 24. Qb4 Rh6 25. Nc4 Rf6 26. Nxd6 b6 27. Re8+ Qxe8
28. Nxe8 Rxe8 29. Bxa6 Re4 30. Qb5 1-0

[Event "?"]
[Site "ICS Rated blitz match, 192.23"]
[Date "1997.??.??"]
[Round "?"]
[White "Brause"]
[Black "oldtimer"]
[Result "0-1"]
[WhiteElo "2610"]
[BlackElo "2500"]
[PlyCount "78"]

1. e4 e5 2. Nf3 Nc6 3. Nc3 Nf6 4. Nxe5 Nxe5 5. d4 Ng6 6. e5 Ng8 7. Bc4 d5 8.
Bxd5 c6 9. Bf3 Bb4 10. O-O Be6 11. Ne2 N8e7 12. c3 Ba5 13. Bg5 h6 14. Bxe7 Nxe7
15. Nf4 O-O 16. Nxe6 fxe6 17. b4 Bb6 18. b5 Qd7 19. bxc6 bxc6 20. Qb3 Rae8 21.
Be4 c5 22. dxc5 Bxc5 23. Rad1 Qc8 24. Bb7 Qc7 25. Qxe6+ Kh8 26. Rd7 Qb6 27.
Qxb6 axb6 28. Bf3 Rxf3 29. gxf3 Ng6 30. f4 Nxf4 31. Re1 Re6 32. Kf1 Nh3 33. Rf7
Kg8 34. Rf3 Ng5 35. Rd3 Nf7 36. Rd5 g5 37. h4 Kf8 38. hxg5 hxg5 39. a4 Be7 0-1